Snack Countries Quiz Stats

 Plays Quiz Updated Oct 10, 2018

Score 0/100 Timer 05:00
1 Play Today
Treat Country % Correct
AlmondsUnited States
97.8%
Cow's MilkUnited States
97.8%
GroundnutsUnited States
97.8%
HazelnutsUnited States
97.8%
PistachiosUnited States
97.8%
HoneyUnited States
97.8%
WalnutsUnited States
97.8%
CinnamonChina
96.6%
GingerChina
96.6%
GroundnutsChina
96.6%
HoneyChina
96.6%
PistachiosChina
96.6%
Sesame SeedChina
96.6%
TeaChina
96.6%
VanillaChina
96.6%
WalnutsChina
96.6%
Sugar CaneChina
96.6%
Sunflower SeedChina
96.6%
CashewsBrazil
93.1%
Cocoa BeansBrazil
93.1%
Green CoffeeBrazil
93.1%
Sugar CaneBrazil
93.1%
Green CoffeeMexico
91.1%
VanillaMexico
91.1%
CashewsIndia
89.6%
Cow's MilkIndia
89.6%
GingerIndia
89.6%
GroundnutsIndia
89.6%
Sesame SeedIndia
89.6%
Sugar CaneIndia
89.6%
Sunflower SeedIndia
89.6%
TeaIndia
89.6%
Nutmeg & CardamomsIndia
89.6%
Cow's MilkFrance
89.4%
Treat Country % Correct
LupinsFrance
89.4%
Cow's MilkRussia
88%
Sunflower SeedRussia
88%
LupinsRussia
88%
Cow's MilkGermany
85.3%
HoneyArgentina
82.7%
Sunflower SeedArgentina
82.7%
AlmondsSpain
81.9%
HazelnutsSpain
81.9%
AlmondsItaly
81.2%
HazelnutsItaly
81.2%
LupinsAustralia
78.5%
LupinsChile
74.7%
Green CoffeeColombia
66.7%
AlmondsIran
66%
PistachiosIran
66%
WalnutsIran
66%
CashewsIndonesia
63.3%
CinnamonIndonesia
63.3%
ClovesIndonesia
63.3%
Cocoa BeansIndonesia
63.3%
Green CoffeeIndonesia
63.3%
GingerIndonesia
63.3%
GroundnutsIndonesia
63.3%
VanillaIndonesia
63.3%
Nutmeg & CardamomsIndonesia
63.3%
Sugar CanePakistan
63.2%
HazelnutsTurkey
63.2%
HoneyTurkey
63.2%
PistachiosTurkey
63.2%
TeaTurkey
63.2%
VanillaTurkey
63.2%
WalnutsTurkey
63.2%
CashewsVietnam
61.2%
Treat Country % Correct
CinnamonVietnam
61.2%
Green CoffeeVietnam
61.2%
Sugar CaneThailand
59.4%
LupinsPoland
53.9%
CashewsNigeria
46.4%
Cocoa BeansNigeria
46.4%
GingerNigeria
46.4%
GroundnutsNigeria
46.4%
TeaKenya
45.6%
HoneyUkraine
45.3%
Sunflower SeedUkraine
45.3%
WalnutsUkraine
45.3%
CinnamonSri Lanka
36.8%
ClovesSri Lanka
36.8%
TeaSri Lanka
36.8%
GingerNepal
32.1%
Nutmeg & CardamomsNepal
32.1%
CinnamonMadagascar
31.9%
ClovesMadagascar
31.9%
VanillaMadagascar
31.9%
Sesame SeedMyanmar
31.7%
Sesame SeedSudan
31.1%
Cocoa BeansGhana
30.5%
Nutmeg & CardamomsGuatemala
27.5%
AlmondsSyria
25.1%
PistachiosSyria
25.1%
ClovesTanzania
24.4%
Cocoa BeansCôte d'Ivoire
23%
Sesame SeedUganda
22.1%
Nutmeg & CardamomsBhutan
16.5%
HazelnutsAzerbaijan
8%
ClovesComoros
5.1%

You're not logged in!

Compare scores with friends on all Sporcle quizzes.
OR
Log In

Sporcle TV

Today on Sporcle TV


Watch our educational content, quiz creation guides, and fun videos on Sporcle TV.

Show Comments

Extras

Top Quizzes Today


Score Distribution

Your Account Isn't Verified!

In order to create a playlist on Sporcle, you need to verify the email address you used during registration. Go to your Sporcle Settings to finish the process.

Report this User

Report this user for behavior that violates our Community Guidelines.

Details: